[Event "BRA-ch Amateurs U2000"]
[Site "Sao Paulo"]
[Date "2024.06.01"]
[Round "6"]
[White "Souza, Rodrigo Vilas Boas"]
[Black "Forster, Tiago Saito"]
[Result "1-0"]
[WhiteElo "1932"]
[BlackElo "1812"]
[PlyCount "67"]
[EventDate "2024.05.30"]
[EventType "swiss"]
[EventRounds "7"]
[EventCountry "BRA"]
[SourceTitle "CB23_2024"]
[SourceDate "2024.06.05"]
[SourceVersion "1"]
[SourceVersionDate "2024.06.05"]
[SourceQuality "1"]

1. e4 c5 2. Nc3 Nc6 3. g3 g6 4. d3 Bg7 5. Be3 Qa5 6. Qd2 Nf6 7. Bh6 Bxh6 8. Qxh6 Nd4 9. Qd2 d6 10. Bg2 e5 11. 0-0-0 Bg4 12. f3 Be6 13. Kb1 b5 14. Nd5 Qd8 15. c3 Nc6 16. f4 b4 17. Ne2 0-0 18. Rdf1 bxc3 19. Nexc3 Nxd5 20. exd5 Bf5 21. dxc6 Rc8 22. Bd5 c4 23. Ne4 cxd3 24. Qxd3 Qb6 25. g4 Rb8 26. b3 Bc8 27. Rc1 Qb4 28. fxe5 dxe5 29. Qc3 Qe7 30. Rhf1 Be6 31. Nf6+ Kg7 32. Qxe5 Rfc8 33. Ne8+ Kf8 34. Qh8# 1-0

[Event "BRA-ch Amateurs U2000"]
[Site "Sao Paulo"]
[Date "2024.05.31"]
[Round "4"]
[White "Souza, Rodrigo Vilas Boas"]
[Black "Ruiz, Frayson Nycolas Rod"]
[Result "1-0"]
[WhiteElo "1932"]
[BlackElo "1822"]
[PlyCount "69"]
[EventDate "2024.05.30"]
[EventType "swiss"]
[EventRounds "7"]
[EventCountry "BRA"]
[SourceTitle "CB23_2024"]
[SourceDate "2024.06.05"]
[SourceVersion "1"]
[SourceVersionDate "2024.06.05"]
[SourceQuality "1"]

1. e4 c5 2. Nf3 d6 3. Bb5+ Bd7 4. Bxd7+ Qxd7 5. 0-0 Nf6 6. Re1 Nc6 7. c3 g6 8. d4 cxd4 9. cxd4 Rc8 10. Nc3 Bg7 11. h3 d5 12. e5 Ne4 13. Nxe4 dxe4 14. Rxe4 Qd5 15. Re2 0-0 16. Be3 Rfd8 17. Rd2 e6 18. Rc2 Nb4 19. Rxc8 Rxc8 20. Rc1 Rd8 21. a3 Nc6 22. Qc2 f6 23. exf6 Bxf6 24. Qc5 Qb3 25. Qc4 Qxb2 26. Qxe6+ Kg7 27. d5 Qb3 28. Rc5 Rf8 29. Qe4 Ne7 30. Rc7 Qxa3 31. Bc5 Qc1+ 32. Kh2 Rf7 33. Ne5 Rf8 34. d6 Bg5 35. Nd3 1-0

[Event "BRA-ch Amateurs U2000"]
[Site "Sao Paulo"]
[Date "2024.05.30"]
[Round "2"]
[White "Souza, Rodrigo Vilas Boas"]
[Black "Da Cunha, Gastao"]
[Result "0-1"]
[WhiteElo "1932"]
[BlackElo "1794"]
[PlyCount "80"]
[EventDate "2024.05.30"]
[EventType "swiss"]
[EventRounds "7"]
[EventCountry "BRA"]
[SourceTitle "CB23_2024"]
[SourceDate "2024.06.05"]
[SourceVersion "1"]
[SourceVersionDate "2024.06.05"]
[SourceQuality "1"]

1. e4 e6 2. d4 d5 3. e5 c5 4. c3 Qb6 5. Nf3 Nc6 6. Bd3 cxd4 7. cxd4 Bd7 8. 0-0 Nb4 9. Be2 Ne7 10. Nc3 Nf5 11. g4 Nh6 12. h3 Rc8 13. a3 Nc6 14. Be3 Qd8 15. Bd3 Ng8 16. Qb1 h6 17. Rc1 a6 18. b4 b5 19. Ne2 Be7 20. Ng3 Na7 21. Nh5 Kf8 22. Nd2 Rxc1+ 23. Qxc1 Nc8 24. Nb3 Nb6 25. Nc5 Bc8 26. Qc2 Nc4 27. Bc1 Qe8 28. a4 g6 29. Ng3 Kg7 30. axb5 axb5 31. Ra7 Kf8 32. Qe2 Kg7 33. f4 Bh4 34. Nf1 Ne7 35. f5 exf5 36. e6 fxg4 37. Qxg4 Bf6 38. Ng3 h5 39. Qf4 Bxe6 40. h4 Nc6 0-1

[Event "Sao Paulo op-B U2050 7th"]
[Site "Sao Paulo"]
[Date "2018.03.30"]
[Round "2"]
[White "De Bona, Glauber"]
[Black "Souza, Rodrigo Vilas Boas"]
[Result "0-1"]
[WhiteElo "1972"]
[BlackElo "1845"]
[PlyCount "86"]
[EventDate "2018.03.30"]
[EventType "swiss"]
[EventRounds "6"]
[EventCountry "BRA"]
[SourceTitle "EXT 2021"]
[Source "ChessBase"]
[SourceDate "2020.10.23"]
[SourceVersion "1"]
[SourceVersionDate "2020.10.23"]
[SourceQuality "1"]

1. Nf3 Nf6 2. c4 c5 3. Nc3 g6 4. g3 Bg7 5. Bg2 0-0 6. 0-0 Nc6 7. d4 cxd4 8. Nxd4 Qa5 9. h3 Qc5 10. Nxc6 dxc6 11. b3 Qh5 12. e3 Bxh3 13. Qxh5 Nxh5 14. Bxh3 Bxc3 15. Rb1 Rfd8 16. Ba3 e6 17. Rfd1 Bf6 18. Bd6 Rd7 19. Bg4 Ng7 20. Bc5 Rxd1+ 21. Rxd1 b6 22. Ba3 Rd8 23. Rxd8+ Bxd8 24. c5 bxc5 25. Bxc5 Bb6 26. Bxb6 axb6 27. b4 Kf8 28. a4 Ke8 29. Bf3 Kd7 30. Kf1 Kc7 31. Ke2 Ne8 32. Kd3 Nd6 33. Kd4 f6 34. e4 e5+ 35. Kd3 h6 36. Be2 c5 37. b5 Nb7 38. f4 Kd6 39. Bd1 exf4 40. gxf4 g5 41. Ke3 Na5 42. Kf3 Nc4 43. Kg4 Ne3+ 0-1

[Event "Florianopolis op 4th"]
[Site "Florianopolis"]
[Date "2018.01.22"]
[Round "5"]
[White "Lima, Aine Carolina"]
[Black "Souza, Rodrigo Vilas Boas"]
[Result "1/2-1/2"]
[WhiteElo "1555"]
[BlackElo "1850"]
[PlyCount "33"]
[EventDate "2018.01.19"]
[EventType "swiss"]
[EventRounds "10"]
[EventCountry "BRA"]
[SourceTitle "EXT 2019"]
[Source "ChessBase"]
[SourceDate "2018.10.10"]
[SourceVersion "1"]
[SourceVersionDate "2018.10.10"]
[SourceQuality "1"]

1. e4 e6 2. d3 d5 3. Nd2 c5 4. g3 Nc6 5. Bg2 Nf6 6. Ngf3 Be7 7. 0-0 Qc7 8. Re1 b6 9. Nf1 dxe4 10. dxe4 Bb7 11. e5 Rd8 12. Qe2 Nd5 13. a3 Na5 14. Ne3 c4 15. Nxd5 Bxd5 16. Bf4 Qb7 17. Rad1 1/2-1/2

[Event "BRA-ch Amateur U2000"]
[Site "Sao Paulo"]
[Date "2017.10.13"]
[Round "4"]
[White "Souza, Rodrigo Vilas Boas"]
[Black "De Paiva Filho, Luiz Americo"]
[Result "1-0"]
[WhiteElo "1856"]
[BlackElo "1896"]
[PlyCount "49"]
[EventDate "2017.10.12"]
[EventType "swiss"]
[EventRounds "7"]
[EventCountry "BRA"]
[SourceTitle "EXT 2022"]
[Source "ChessBase"]
[SourceDate "2021.10.06"]
[SourceVersion "1"]
[SourceVersionDate "2021.10.06"]
[SourceQuality "1"]

1. e4 e5 2. Nc3 Bc5 3. f4 Bxg1 4. Rxg1 Qh4+ 5. g3 Qxh2 6. Rg2 Qh6 7. Nd5 Kd8 8. d4 exd4 9. f5 g5 10. fxg6 Qxg6 11. Qxd4 f6 12. Qc5 Nc6 13. Qf8+ Qe8 14. Qxe8+ Kxe8 15. Nxc7+ Kd8 16. Nxa8 b6 17. Be3 Nge7 18. 0-0-0 Bb7 19. Nxb6 axb6 20. Bxb6+ Kc8 21. Rgd2 Ne5 22. Bh3 Bc6 23. Bc5 N7g6 24. Rd4 Re8 25. Bf5 1-0

[Event "BRA-ch Amateur U2000"]
[Site "Sao Paulo"]
[Date "2017.10.12"]
[Round "1"]
[White "Medeiros, Thauane Ferreira"]
[Black "Souza, Rodrigo Vilas Boas"]
[Result "1-0"]
[WhiteElo "1972"]
[BlackElo "1856"]
[PlyCount "71"]
[EventDate "2017.10.12"]
[EventType "swiss"]
[EventRounds "7"]
[EventCountry "BRA"]
[SourceTitle "EXT 2019"]
[Source "ChessBase"]
[SourceDate "2018.10.10"]
[SourceVersion "1"]
[SourceVersionDate "2018.10.10"]
[SourceQuality "1"]

1. d4 Nf6 2. Bg5 Ne4 3. Bf4 c5 4. f3 Qa5+ 5. c3 Nf6 6. d5 d6 7. e4 Nbd7 8. a4 a6 9. Nd2 Qc7 10. a5 b5 11. axb6 Nxb6 12. Be3 e6 13. dxe6 fxe6 14. Ne2 d5 15. e5 Qxe5 16. Bf4 Qf5 17. Bc7 Nfd7 18. Ng3 Qf6 19. Bd3 c4 20. Bc2 Bc5 21. Ra5 Qe7 22. Nge4 dxe4 23. Nxe4 Nd5 24. Rxc5 Nxc5 25. Bd6 Qh4+ 26. g3 Nxe4 27. Ba4+ Kf7 28. gxh4 Nxd6 29. Rg1 Nf5 30. Qe2 Nde3 31. f4 Bb7 32. Rg5 Bd5 33. Bc2 Rab8 34. Bxf5 exf5 35. Qxe3 Rhe8 36. Rxf5+ 1-0

[Event "Sao Sebastiao do Paraiso op 1st"]
[Site "Sao Sebastiao do Paraiso"]
[Date "2017.08.19"]
[Round "3"]
[White "Umetsubo, Cesar Hidemitsu"]
[Black "Souza, Rodrigo Vilas Boas"]
[Result "1-0"]
[WhiteElo "2408"]
[BlackElo "1856"]
[PlyCount "53"]
[EventDate "2017.08.18"]
[EventType "swiss"]
[EventRounds "6"]
[EventCountry "BRA"]
[SourceTitle "CBM 180 Extra"]
[Source "ChessBase"]
[SourceDate "2017.10.06"]
[SourceVersion "1"]
[SourceVersionDate "2017.10.06"]
[SourceQuality "1"]

1. Nf3 Nf6 2. g3 g6 3. Bg2 Bg7 4. 0-0 0-0 5. c4 c5 6. Nc3 Nc6 7. d4 cxd4 8. Nxd4 Qb6 9. Nb3 d6 10. Be3 Qb4 11. Rc1 Ng4 12. Bg5 Bxc3 13. Rxc3 Re8 14. a3 Qb6 15. h3 Nge5 16. Be3 Qd8 17. c5 Be6 18. cxd6 exd6 19. Nd4 d5 20. Qc1 Rc8 21. Rd1 Qe7 22. Nb5 Red8 23. Nxa7 d4 24. Nxc8 Bxc8 25. Bxd4 Nxd4 26. Rxd4 Rxd4 27. Rxc8+ 1-0

[Event "Sao Sebastiao do Paraiso op 1st"]
[Site "Sao Sebastiao do Paraiso"]
[Date "2017.08.18"]
[Round "2"]
[White "Souza, Rodrigo Vilas Boas"]
[Black "Montufar Berrios, Eymi Priscila"]
[Result "1-0"]
[WhiteElo "1856"]
[BlackElo "1943"]
[PlyCount "129"]
[EventDate "2017.08.18"]
[EventType "swiss"]
[EventRounds "6"]
[EventCountry "BRA"]
[SourceTitle "CBM 180 Extra"]
[Source "ChessBase"]
[SourceDate "2017.10.06"]
[SourceVersion "1"]
[SourceVersionDate "2017.10.06"]
[SourceQuality "1"]

1. e4 c5 2. Nf3 d6 3. c3 Nf6 4. Be2 e6 5. 0-0 Be7 6. Re1 0-0 7. Bf1 Nc6 8. d4 d5 9. Nbd2 a6 10. a4 b6 11. e5 Nd7 12. b3 Bb7 13. Bb2 Rc8 14. Rc1 cxd4 15. cxd4 Kh8 16. Bd3 Nb4 17. Rxc8 Qxc8 18. Bb1 b5 19. axb5 axb5 20. Qe2 Bc6 21. Rc1 Qb7 22. h4 f5 23. exf6 Rxf6 24. Ng5 Nf8 25. Qh5 g6 26. Qh6 Bd6 27. Nde4 dxe4 28. d5 Nxd5 29. Nxe4 e5 30. Nxd6 Qe7 31. Rxc6 Nd7 32. Bxe5 Kg8 33. Bxf6 N5xf6 34. Rc8+ Nf8 35. Rxf8+ Qxf8 36. Qxf8+ Kxf8 37. Nxb5 Ke7 38. Bd3 Kd7 39. Kf1 Kc6 40. Ke2 Kc5 41. Bc4 Ne4 42. Ke3 Nf6 43. f3 Nd7 44. Kd3 Ne5+ 45. Kc3 h6 46. Nd4 Kd6 47. b4 Nd7 48. g3 g5 49. h5 Ke5 50. Nc6+ Kd6 51. Nd8 Ke7 52. Nf7 Kf6 53. Nxh6 Ne5 54. Ng4+ Nxg4 55. fxg4 Ke5 56. b5 Ke4 57. h6 Kf3 58. Be6 Kxg3 59. h7 Kf4 60. h8Q Kf3 61. Kd3 Kg3 62. Ke3 Kg2 63. Qa1 Kh2 64. Kf3 Kh3 65. Qh1# 1-0

[Event "Sao Paulo op-B U2050 6th"]
[Site "Sao Paulo"]
[Date "2017.04.16"]
[Round "5"]
[White "Pritsopoulos, Constantino Demetri"]
[Black "Souza, Rodrigo Vilas Boas"]
[Result "1-0"]
[WhiteElo "1989"]
[BlackElo "1874"]
[PlyCount "57"]
[EventDate "2017.04.14"]
[EventType "swiss"]
[EventRounds "6"]
[EventCountry "BRA"]
[SourceTitle "EXT 2019"]
[Source "ChessBase"]
[SourceDate "2018.10.10"]
[SourceVersion "1"]
[SourceVersionDate "2018.10.10"]
[SourceQuality "1"]

1. e4 e6 2. d4 d5 3. Nc3 Bb4 4. e5 c5 5. Bd2 Ne7 6. a3 Bxc3 7. Bxc3 Nbc6 8. Nf3 cxd4 9. Nxd4 0-0 10. f4 Nxd4 11. Qxd4 Nf5 12. Qf2 Bd7 13. 0-0-0 a5 14. Bd3 Ne7 15. b3 Qc7 16. Bb2 Rac8 17. Rhe1 b5 18. g4 Qc5 19. Qg3 Rc7 20. f5 exf5 21. e6 f4 22. Qh3 Ng6 23. exd7 Rxd7 24. Re5 Rc8 25. Rh5 Qe3+ 26. Qxe3 fxe3 27. Bf5 Rcd8 28. Bxd7 e2 29. Re1 1-0

[Event "Sao Paulo op-B U2050 6th"]
[Site "Sao Paulo"]
[Date "2017.04.15"]
[Round "4"]
[White "Souza, Rodrigo Vilas Boas"]
[Black "De Souza, Leonardo F Pereira"]
[Result "1-0"]
[WhiteElo "1874"]
[BlackElo "1800"]
[PlyCount "87"]
[EventDate "2017.04.14"]
[EventType "swiss"]
[EventRounds "6"]
[EventCountry "BRA"]
[SourceTitle "EXT 2019"]
[Source "ChessBase"]
[SourceDate "2018.10.10"]
[SourceVersion "1"]
[SourceVersionDate "2018.10.10"]
[SourceQuality "1"]

1. e4 c5 2. Nf3 d6 3. c3 Nf6 4. Be2 Nc6 5. Qc2 Bg4 6. 0-0 e6 7. Re1 Be7 8. d3 0-0 9. Nbd2 Qc7 10. h3 Bh5 11. Nf1 d5 12. Ng3 Bg6 13. Nh4 Bd6 14. Nxg6 hxg6 15. Nf1 d4 16. g3 e5 17. a4 Rac8 18. Bf3 Nd7 19. Qe2 Na5 20. c4 a6 21. g4 Rb8 22. Bd2 Nb3 23. Ra3 Nxd2 24. Nxd2 Rfe8 25. Kg2 Nf8 26. Nf1 Ne6 27. Qd2 Nf4+ 28. Kh2 b5 29. axb5 axb5 30. b3 Qe7 31. Ng3 Qh4 32. Bg2 bxc4 33. bxc4 Rb6 34. Rea1 Bf8 35. Ra8 Re7 36. Qa5 Rb2 37. Rxf8+ Kxf8 38. Qd8+ Re8 39. Qxh4 Kg8 40. Bf1 g5 41. Qxg5 Rxf2+ 42. Kg1 f6 43. Qh4 g5 44. Qh6 1-0

[Event "Sao Paulo op-B U2050 6th"]
[Site "Sao Paulo"]
[Date "2017.04.14"]
[Round "2"]
[White "Souza, Rodrigo Vilas Boas"]
[Black "Bueno, Jonas Alves"]
[Result "1-0"]
[WhiteElo "1874"]
[BlackElo "1762"]
[PlyCount "33"]
[EventDate "2017.04.14"]
[EventType "swiss"]
[EventRounds "6"]
[EventCountry "BRA"]
[SourceTitle "EXT 2019"]
[Source "ChessBase"]
[SourceDate "2018.10.10"]
[SourceVersion "1"]
[SourceVersionDate "2018.10.10"]
[SourceQuality "1"]

1. e4 e5 2. Nc3 Nf6 3. f4 exf4 4. e5 Qe7 5. Qe2 Ng8 6. Nf3 d6 7. Nd5 Qd8 8. Nxc7+ Kd7 9. Nxa8 Nc6 10. d4 Nge7 11. exd6 Ng6 12. Ne5+ Ngxe5 13. dxe5 Bxd6 14. Bxf4 Qa5+ 15. c3 Re8 16. 0-0-0 Nxe5 17. Qb5+ 1-0

[Event "Florianopolis op 3rd"]
[Site "Florianopolis"]
[Date "2017.01.26"]
[Round "10"]
[White "Nunes, Marcelo Basilio"]
[Black "Souza, Rodrigo Vilas Boas"]
[Result "0-1"]
[WhiteElo "2047"]
[BlackElo "1838"]
[PlyCount "82"]
[EventDate "2017.01.20"]
[EventType "swiss"]
[EventRounds "10"]
[EventCountry "BRA"]
[SourceTitle "CBM 176 Extra"]
[Source "ChessBase"]
[SourceDate "2017.03.02"]
[SourceVersion "1"]
[SourceVersionDate "2017.03.02"]
[SourceQuality "1"]

1. g3 Nf6 2. Bg2 g6 3. e4 d6 4. d4 Bg7 5. Ne2 0-0 6. 0-0 Nbd7 7. Nbc3 c5 8. d5 Qb6 9. h3 a6 10. a4 e5 11. dxe6 fxe6 12. a5 Qc7 13. Be3 Ne5 14. b3 Nc6 15. Qd2 Ne8 16. Ra4 Nxa5 17. e5 Bxe5 18. Ne4 Nc6 19. Ng5 Bg7 20. Rh4 Nf6 21. Nf4 Qe7 22. c3 Ne5 23. Ne2 h6 24. Ne4 Nxe4 25. Bxe4 g5 26. Rh5 d5 27. Bg2 Qf7 28. g4 Nf3+ 29. Bxf3 Qxf3 30. Bxc5 Bd7 31. Nd4 Qf4 32. Qxf4 Rxf4 33. Bd6 Re4 34. f4 Be8 35. fxg5 Bxh5 36. gxh5 hxg5 37. h6 Bxh6 38. Rf6 Bg7 39. Rg6 Kf7 40. Rxg5 Bxd4+ 41. cxd4 Rg8 0-1

[Event "Florianopolis op 3rd"]
[Site "Florianopolis"]
[Date "2017.01.23"]
[Round "5"]
[White "Souza, Rodrigo Vilas Boas"]
[Black "Zampronha, Wladimir Camilo"]
[Result "0-1"]
[WhiteElo "1838"]
[BlackElo "2164"]
[PlyCount "52"]
[EventDate "2017.01.20"]
[EventType "swiss"]
[EventRounds "10"]
[EventCountry "BRA"]
[SourceTitle "CBM 176 Extra"]
[Source "ChessBase"]
[SourceDate "2017.03.02"]
[SourceVersion "1"]
[SourceVersionDate "2017.03.02"]
[SourceQuality "1"]

1. e4 c6 2. d4 g6 3. Nc3 Bg7 4. Be3 d5 5. f3 dxe4 6. fxe4 Nf6 7. h3 0-0 8. Nf3 Qa5 9. Qd2 b5 10. e5 b4 11. exf6 bxc3 12. bxc3 exf6 13. Bd3 Be6 14. 0-0 Nd7 15. c4 Qa4 16. d5 cxd5 17. cxd5 Bxd5 18. Bxg6 Bxf3 19. Bf5 Bc6 20. Rf4 Qb5 21. c4 Qe5 22. Re1 Rfd8 23. Bf2 Nf8 24. Qc1 Qa5 25. Qe3 Ng6 26. Rg4 Qxf5 0-1

[Event "Florianopolis op 3rd"]
[Site "Florianopolis"]
[Date "2017.01.21"]
[Round "2"]
[White "Lopes, Bianca Barros Pan"]
[Black "Souza, Rodrigo Vilas Boas"]
[Result "0-1"]
[WhiteElo "1574"]
[BlackElo "1838"]
[PlyCount "60"]
[EventDate "2017.01.20"]
[EventType "swiss"]
[EventRounds "10"]
[EventCountry "BRA"]
[SourceTitle "CBM 176 Extra"]
[Source "ChessBase"]
[SourceDate "2017.03.02"]
[SourceVersion "1"]
[SourceVersionDate "2017.03.02"]
[SourceQuality "1"]

1. d4 Nf6 2. Bg5 Ne4 3. Bf4 c5 4. e3 Qb6 5. Nc3 Nxc3 6. bxc3 d6 7. Qb1 Nd7 8. Nf3 Qc7 9. Be2 g6 10. Qb3 Bg7 11. Rb1 0-0 12. 0-0 Nb6 13. Nd2 Be6 14. Qa3 cxd4 15. cxd4 Qxc2 16. Rb2 Qc7 17. Nb3 Rfc8 18. Rbb1 Nc4 19. Qb4 a5 20. Qb5 Na3 21. Qd3 Bc4 22. Rbc1 Bxd3 23. Rxc7 Bxe2 24. Rfc1 Rxc7 25. Rxc7 e5 26. dxe5 dxe5 27. Bg3 b5 28. Rc5 a4 29. Na1 Rd8 30. Rc1 Rd1+ 0-1